La cochenille, de la teinture à la peinture : (Record no. 10817)

MARC details
000 -CABECERA
campo de control de longitud fija 01317nam a22002777a 4500
001 - NÚMERO DE CONTROL
campo de control BRCA_9198
003 - IDENTIFICADOR DEL NÚMERO DE CONTROL
campo de control FranzMayer
005 - FECHA Y HORA DE LA ÚLTIMA TRANSACCIÓN
campo de control 20220809125543.0
008 - DATOS DE LONGITUD FIJA--INFORMACIÓN GENERAL
campo de control de longitud fija 220711b |||||||| |||| 00| 0 spa d
020 ## - NÚMERO INTERNACIONAL ESTÁNDAR DEL LIBRO
Número Internacional Estándar del Libro 9782072852312
040 ## - FUENTE DE LA CATALOGACIÓN
Lengua de catalogación spa
Centro/agencia transcriptor MFM
041 ## - CÓDIGO DE LENGUA
Código de lengua del texto/banda sonora o título independiente fre
050 ## - SIGNATURA TOPOGRÁFICA DE LA BIBLIOTECA DEL CONGRESO
Número de clasificación TP925.C63
Número de documento/Ítem R67 2021
100 ## - ENTRADA PRINCIPAL--NOMBRE DE PERSONA
Nombre de persona Roque, Georges,
Fechas asociadas al nombre 1951-
Término indicativo de función/relación autor.
9 (RLIN) 4514
245 13 - MENCIÓN DE TÍTULO
Título La cochenille, de la teinture à la peinture :
Resto del título Une histoire matérielle de la couleur /
Mención de responsabilidad, etc. George Roque
260 ## - PUBLICACIÓN, DISTRIBUCIÓN, ETC.
Lugar de publicación, distribución, etc. Francia :
Nombre del editor, distribuidor, etc. Gallimard,
Fecha de publicación, distribución, etc. 2021
300 ## - DESCRIPCIÓN FÍSICA
Extensión 325 p. :
Otras características físicas il. col. ;
Dimensiones 16 x 22 cm.
490 ## - MENCIÓN DE SERIE
Mención de serie Art et artistes
500 ## - NOTA GENERAL
Nota general Ubicación: L60-N1
500 ## - NOTA GENERAL
Nota general Incluye imágenes de piezas del Museo Franz Mayer (pp. 37, 152, 192)
520 ## - SUMARIO, ETC.
Sumario, etc. El libro de Georges Roque, uno de los mayores especialistas mundiales en color en el arte, está dedicado al pigmento rojo extraído de la cochinilla, un insecto hemíptero que los pintores utilizaron a partir de la segunda mitad del siglo XVI para remontarse a la creación de este color que, como otros de la Edad Media, se obtenía mediante la preparación, la molienda de insectos, plantas, minerales o moluscos.
650 ## - PUNTO DE ACCESO ADICIONAL DE MATERIA--TÉRMINO DE MATERIA
Término de materia o nombre geográfico como elemento de entrada Historia
Subdivisión general Cochinilla
-- Colores
9 (RLIN) 28438
650 ## - PUNTO DE ACCESO ADICIONAL DE MATERIA--TÉRMINO DE MATERIA
Término de materia o nombre geográfico como elemento de entrada Tintes y teñido
Subdivisión general Rojo
-- Colores
-- Historia
9 (RLIN) 28439
942 ## - ELEMENTOS DE PUNTO DE ACCESO ADICIONAL (KOHA)
Fuente del sistema de clasificación o colocación Library of Congress Classification
Tipo de ítem Koha Libros
Holdings
Estado de retiro Estado de pérdida Fuente del sistema de clasificación o colocación Estado dañado No para préstamo Localización permanente Ubicación/localización actual Fecha de adquisición Total de préstamos Signatura topográfica completa Código de barras Fecha visto por última vez Precio válido a partir de Tipo de ítem Koha
El ejemplar forma parte de la colección y puede ser consultado según las políticas vigentes.   Library of Congress Classification     Biblioteca del Museo Franz Mayer (Rogerio Casas-Alatriste) Biblioteca del Museo Franz Mayer (Rogerio Casas-Alatriste) 11/07/2022   TP925.C63 R67 2021 CONT9971 11/07/2022 11/07/2022 Libros